| 000 | 00568nam a2200193 a 4500 | ||
|---|---|---|---|
| 005 | 20140412111221.0 | ||
| 008 | 001117s19uu xx 00 eng d | ||
| 020 | _a0-7214-0922-2 | ||
| 050 |
_aER _bHo83 1987 |
||
| 100 | _aMcCullagh, Shiela | ||
| 245 |
_aHow Miranda flew down / _cShiela McCullagh ; illustrated by John Dillow. |
||
| 260 |
_aUK : _bLadybird, _c1987. |
||
| 300 | _a43 p. ; col. ; ill. | ||
| 440 | _aPuddle Lane, Stage 1, v.6 | ||
| 650 |
_aReading _xJuvenile literature |
||
| 650 | _aMice--Fiction | ||
| 650 | _aChildren stories | ||
| 999 |
_c101920 _d101920 |
||